000 00567nam a22002177a 4500
003 UA-OsUOA
001 36773
007 ta
008 20060215b un ||||| |||| 00| 0 ukr d
100 _aДіяк І.
090 _a32
_bД11
942 _cSA
040 _aUA-OsUOA
_bukr
_cUA-OsUOA
_dUA-OsUOA
245 _aКому вигідне банкрутство вітчизняних газовиддобувних підприємств?
300 _aС.11
955 _a0
041 _aukr
080 _a32
773 0 _w36772
650 7 _a32 Політика
_2UDC
999 _c323011
_d323011